000 00453nam a2200193Ia 4500
005 20240823020359.0
008 240823s9999||||xx |||||||||||||| ||und||
020 _a0-141-02241-8
041 _aENGLISH
082 _A808.83 P5
100 _a"Schlosser,Eric"
245 0 _aCogs in the Great Machine
250 _a1st
260 _c2005
_b"Penguin Books,New "
500 _aTransfered
650 _aStory
_bGeneral
942 _cBK
999 _c174618
_d174618